A guerra dos tronos / (Record no. 504)

MARC details
000 -LÍDER
campo de controle de tamanho fixo 01731nam a22003254a 4500
001 - NÚMERO DE CONTROLE
campo de controle 504
003 - IDENTIFICADOR DO NÚMERO DE CONTROLE
campo de controle BR-IBIA
005 - DATA E HORÁRIO DA ÚLTIMA TRANSAÇÃO
campo de controle 20260129102449.0
008 - CAMPO DE DADOS FIXOS--INFORMAÇÃO GERAL
campo de controle de tamanho fixo 161006s2015 bl a g 000 f por
020 ## - ISBN - INTERNATIONAL STANDARD BOOK NUMBER
ISBN - International Standard Book Number 9788562936524
040 ## - FONTE DA CATALOGAÇÃO
Idioma da catalogação por
041 1# - CÓDIGO DE IDIOMA
Código do idioma do texto/trilha sonora ou título diferente por
Código do idioma do original e/ou traduções intermediárias do texto eng
082 04 - CDD - CLASSIFICAÇÃO DECIMAL DE DEWEY
Número de Classificação 813
Número do exemplar M381c
100 1# - ENTRADA PRINCIPAL--NOME PESSOAL
Nome pessoal Martin, George R. R.,
Datas associadas ao nome 1948-
9 (RLIN) 1062
240 02 - TÍTULO UNIFORME
Título uniforme A game of thrones.
245 12 - TÍTULO
Título A guerra dos tronos /
Indicação de responsabilidade, etc. George R. R. Martin ; tradução Jorge Candeiais.
250 ## - EDIÇÃO
Declaração de edição 1. ed. -
260 ## - PUBLICAÇÃO, DISTRIBUIÇÃO, ETC.
Local de publicação, distribuição, etc. São Paulo :
Nome do editor, distribuidor, etc. Leya
Data da publicação, distribuição, etc. 2015
300 ## - DESCRIÇÃO FÍSICA
Extensão 587p. :
Outros detalhes físicos il. ;
520 ## - NOTA DE RESUMO, ETC.
Resumo, etc. Em uma terra onde o verão pode durar décadas e o inverno toda uma vida, os problemas estão apenas começando. O frio está de volta e, nas florestas ao norte de Winterfell, forças sobrenaturais se espalham por trás da Muralha que protege a região. No centro do conflito estão os Stark do reino de Winterfell, uma família tão áspera quanto as terras que lhe pertencem. Dos lugares onde o frio é brutal, até os distantes reinos de plenitude e sol, George R. R. Martin narra uma história de lordes e damas, soldados e mercenários, assassinos e bastardos, que se juntam em um tempo de presságios malignos. Entre disputas por reinos, tragédias e traições, vitória e terror, o destino dos Stark, seus aliados e seus inimigos é incerto. Mas cada um está se esforçando para ganhar este conflito mortal: a guerra dos tronos.<br/><br/>
650 ## - ASSUNTO--TERMO TÓPICO
Cabeçalho tópico ou nome geográfico Literatura Americana
9 (RLIN) 84
650 ## - ASSUNTO--TERMO TÓPICO
Cabeçalho tópico ou nome geográfico Fantasia épica
9 (RLIN) 902
650 ## - ASSUNTO--TERMO TÓPICO
Cabeçalho tópico ou nome geográfico Magia
9 (RLIN) 785
650 #0 - ASSUNTO--TERMO TÓPICO
Cabeçalho tópico ou nome geográfico Mundos fictícios
9 (RLIN) 1086
655 ## - TERMO DE ÍNDICE--GÊNERO E FORMA
Gênero/forma/ou termo foco Romance
655 ## - TERMO DE ÍNDICE--GÊNERO E FORMA
Gênero/forma/ou termo foco Ficção
700 1# - ENTRADA ADICIONADA - NOME PESSOAL
Nome pessoal Candeias, Jorge,
Datas associadas ao nome 1966-
9 (RLIN) 1064
830 ## - ENTRADA SECUNDÁRIA DE SÉRIE--TÍTULO UNIFORME
Título uniforme As crônicas de gelo e fogo
Número do volume ou designação sequencial da série v.1
9 (RLIN) 1063
942 ## - ELEMENTOS DE ENTRADA ADICIONADOS (KOHA)
Fonte de classificação ou esquema de arquivamento Classificação decimal de Dewey
Ocultar no OPAC Não
Tipo de material Koha Livros
Holdings
Situação do descarte Situação das perdas Fonte de classificação ou esquema de arquivamento Status danificado Não pode ser emprestado Coleção Biblioteca de origem Biblioteca atual Localização na estante Data de aquisição Fonte de aquisição Total de empréstimos Número de chamada completo Código de barras Data de último acesso Data do preço efetivo Tipo de material Koha
    Classificação decimal de Dewey     Ficção Biblioteca Professor Eduardo Afonso de Castro Biblioteca Professor Eduardo Afonso de Castro Literatura Estrangeira 29.01.2026 doação   813 / M381c 2026-17439 29.01.2026 29.01.2026 Livros

Powered by Koha